000 00289nam a2200109 4500
999 _c9243
_d9243
082 _a005.133FIN
100 _aFindly, Dawat W.
245 _aPASCAL: An Introduction to Methodical Programming
260 _aUSA:
_bCompuer Science,
_c1978.
856 _uhttps://tinyurl.com/ygwtndco
942 _cBK